Minecraft Wood Types - Statistics

General Stats
  • This quiz has been taken 304 times
    232 since last reset
  • The average score is 10 of 12
Answer Stats
Wood Type % Correct
Oak
99%
Dark Oak
96%
Birch
94%
Acacia
88%
Spruce
88%
Cherry
86%
Jungle
76%
Crimson
73%
Warped
73%
Mangrove
70%
Bamboo
68%
Pale Oak
64%
No matching quizzes found
Score Distribution
Percent of People with Each Score
Percentile by Number Answered
Your Score History
You have not taken this quiz since the last reset